<?xml version="1.0" encoding="UTF-8"?>
<record
    xmlns:xsi="http://www.w3.org/2001/XMLSchema-instance"
    xsi:schemaLocation="http://www.loc.gov/MARC21/slim http://www.loc.gov/standards/marcxml/schema/MARC21slim.xsd"
    xmlns="http://www.loc.gov/MARC21/slim">

  <leader>00414nam a22001577a 4500</leader>
  <controlfield tag="005">20260306043843.0</controlfield>
  <controlfield tag="008">240806b        |||||||| |||| 00| 0 eng d</controlfield>
  <datafield tag="020" ind1=" " ind2=" ">
    <subfield code="a">9781509505418</subfield>
  </datafield>
  <datafield tag="082" ind1=" " ind2=" ">
    <subfield code="a">610.73 DEN</subfield>
  </datafield>
  <datafield tag="100" ind1=" " ind2=" ">
    <subfield code="a">Denny, Elaine. (Ed.)</subfield>
  </datafield>
  <datafield tag="245" ind1=" " ind2=" ">
    <subfield code="a">Sociology for nurses.</subfield>
  </datafield>
  <datafield tag="250" ind1=" " ind2=" ">
    <subfield code="a">3rd ed.</subfield>
  </datafield>
  <datafield tag="260" ind1=" " ind2=" ">
    <subfield code="a">London : </subfield>
    <subfield code="b">Polity Press, </subfield>
    <subfield code="c">2016.</subfield>
  </datafield>
  <datafield tag="300" ind1=" " ind2=" ">
    <subfield code="a">xv, 360 p. :</subfield>
    <subfield code="c">26 Cm. </subfield>
    <subfield code="b">ill. ;</subfield>
  </datafield>
  <datafield tag="942" ind1=" " ind2=" ">
    <subfield code="2">ddc</subfield>
    <subfield code="c">MAIN</subfield>
  </datafield>
  <datafield tag="999" ind1=" " ind2=" ">
    <subfield code="c">10485</subfield>
    <subfield code="d">10486</subfield>
  </datafield>
  <datafield tag="952" ind1=" " ind2=" ">
    <subfield code="0">0</subfield>
    <subfield code="1">0</subfield>
    <subfield code="2">ddc</subfield>
    <subfield code="4">0</subfield>
    <subfield code="7">0</subfield>
    <subfield code="8">MAIN</subfield>
    <subfield code="a">RTCLIB</subfield>
    <subfield code="b">RTCLIB</subfield>
    <subfield code="c">MAIN</subfield>
    <subfield code="d">2025-08-13</subfield>
    <subfield code="i">19783</subfield>
    <subfield code="l">0</subfield>
    <subfield code="o">610.73 DEN</subfield>
    <subfield code="p">30021001</subfield>
    <subfield code="r">2025-08-13 00:00:00</subfield>
    <subfield code="w">2025-08-13</subfield>
    <subfield code="y">MAIN</subfield>
  </datafield>
  <datafield tag="952" ind1=" " ind2=" ">
    <subfield code="0">0</subfield>
    <subfield code="1">0</subfield>
    <subfield code="2">ddc</subfield>
    <subfield code="4">0</subfield>
    <subfield code="7">0</subfield>
    <subfield code="8">MAIN</subfield>
    <subfield code="a">RTCLIB</subfield>
    <subfield code="b">RTCLIB</subfield>
    <subfield code="c">MAIN</subfield>
    <subfield code="d">2025-08-13</subfield>
    <subfield code="i">19784</subfield>
    <subfield code="l">1</subfield>
    <subfield code="o">610.73 DEN</subfield>
    <subfield code="p">30021002</subfield>
    <subfield code="r">2025-09-03 00:00:00</subfield>
    <subfield code="s">2025-09-03</subfield>
    <subfield code="w">2025-08-13</subfield>
    <subfield code="y">MAIN</subfield>
  </datafield>
  <datafield tag="952" ind1=" " ind2=" ">
    <subfield code="0">0</subfield>
    <subfield code="1">0</subfield>
    <subfield code="2">ddc</subfield>
    <subfield code="4">0</subfield>
    <subfield code="7">0</subfield>
    <subfield code="8">MAIN</subfield>
    <subfield code="a">RTCLIB</subfield>
    <subfield code="b">RTCLIB</subfield>
    <subfield code="c">MAIN</subfield>
    <subfield code="d">2025-08-13</subfield>
    <subfield code="i">19785</subfield>
    <subfield code="l">1</subfield>
    <subfield code="o">610.73 DEN</subfield>
    <subfield code="p">30021003</subfield>
    <subfield code="r">2025-09-03 00:00:00</subfield>
    <subfield code="s">2025-09-03</subfield>
    <subfield code="w">2025-08-13</subfield>
    <subfield code="y">MAIN</subfield>
  </datafield>
</record>
